Kostenrechnung 1 Grundlagen, Aufbau und Anwendung

Gespeichert in:
Bibliographische Detailangaben
1. Verfasser: Hummel, Siegfried
Weitere Verfasser: Männel, Wolfgang
Format: Buch
Sprache:Deutsch
Veröffentlicht: Wiesbaden Gabler 1986
Ausgabe:4. völl. neu bearb. und erweit. Aufl.
Tags: Tag hinzufügen
Keine Tags, Fügen Sie das erste Tag hinzu!

MARC

LEADER 00000nam a2200000 4500
001 c027946
005 20221220071835.3
041 0 |a ger 
044 |a DE 
245 1 0 |a Kostenrechnung 1  |b Grundlagen, Aufbau und Anwendung  |c Siegfried Hummel, Wolfgang Männel 
250 |a 4. völl. neu bearb. und erweit. Aufl. 
264 1 |a Wiesbaden  |b Gabler  |c 1986 
300 |a 420 s. 
100 1 |a Hummel, Siegfried 
700 1 |a Männel, Wolfgang